00722nam a2200205 a 450000100060000000300080000600500170001400800410003103500190007204000310009104100110012208200250013310000300015824501130018826000470030130000360034850400550038465000200043970000570045967921BD-RjUL20211209081717.0170329s1928 enk 001 0 eng d a(BD-RjUL)68130 aDLC/ICUcICUdBD-RjULbeng1 aengger00223a530.12bHAW 19281 aHaas, Arthur.d1884-1941.10aWave mechanics and the new quantum theory /cby Arthur Haas;Translated from the German edition by L. W. Codd aLondon :bConstable & company ltd.,c1928. axviii, 124 p. :bill. ;c23 cm. aIncludes bibliography P. [xvii-xviii] and indexes. 0aQuantum theory.1 aCodd, L. W.q(Laurence William), [Translator]d1896-